000
00314nam a22001337a 4500
008
180221b xxu||||| |||| 00| 0 eng d
020
_a
314306001
041
_a
eng
080
_a
330
100
_a
52
101
_a
EKO
245
_a
Pareto's Methodological Approach to Economics
_c
Tarascio, V.J
942
_2
udc
_c
BK
999
_c
43013
_d
43013